书目信息 |
| 题名: |
葡萄酒的世界史
|
|
| 作者: | 古贺守 著 ;汪平 译 | |
| 分册: | ||
| 出版信息: | 天津 百花文艺出版社 2007.05 |
|
| 页数: | 166页 | |
| 开本: | 21cm | |
| 丛书名: | 漫说东西 | |
| 单 册: | ||
| 中图分类: | TS262.6 | |
| 科图分类: | ||
| 主题词: | 葡萄酒--pu tao jiu--历史 | |
| 电子资源: | ||
| ISBN: | 978-7-5306-4654-0 | |
| 000 | 00882nam 2200265 450 | |
| 001 | 012007393015 | |
| 005 | 20071106080537.53 | |
| 010 | @a978-7-5306-4654-0@dCNY25.00 | |
| 100 | @a20070924d2007 km y0chiy0120 ea | |
| 101 | 1 | @achi@cjpn |
| 102 | @aCN@b120000 | |
| 105 | @aa z 000yy | |
| 106 | @ar | |
| 200 | 1 | @a葡萄酒的世界史@Apu tao jiu de shi jie shi@f(日) 古贺守著@F(ri)gu he shou zhu@g汪平译@Gwang ping yi |
| 210 | @a天津@c百花文艺出版社@d2007.05 | |
| 215 | @a166页@c图@d21cm | |
| 225 | 2 | @a漫说东西@Aman shuo dong xi |
| 330 | @a本书讲述了葡萄酒酿造技术的发展和不同时代葡萄酒的特质,解说了葡萄酒所体现的观念史、社会史与文化交流史。 | |
| 410 | 0 | @12001 @a漫说东西 |
| 606 | 0 | @a葡萄酒@Apu tao jiu@x历史 |
| 690 | @aTS262.6@v4 | |
| 701 | 0 | @a古贺守@Agu he shou@4著 |
| 702 | 0 | @a汪平@Awang ping@4译 |
| 801 | 0 | @aCN@b@c20071106 |
| 905 | @b263961-63@dTS262.6@eG444@f3 | |
| 葡萄酒的世界史/(日) 古贺守著/汪平译.-天津:百花文艺出版社,2007.05 |
| 166页:图;21cm.-(漫说东西) |
| ISBN 978-7-5306-4654-0:CNY25.00 |
| 本书讲述了葡萄酒酿造技术的发展和不同时代葡萄酒的特质,解说了葡萄酒所体现的观念史、社会史与文化交流史。 |
| ● |
| 相关链接 |
|
|
|
正题名:葡萄酒的世界史
索取号:TS262.6/G444
 
预约/预借
| 序号 | 登录号 | 条形码 | 馆藏地/架位号 | 状态 | 备注 |
| 1 | 263961 | 202639617 | 自科库501/501自科库 42排3列2层/ [索取号:TS262.6/G444] | 在馆 | |
| 2 | 263962 | 202639626 | 期刊室512/501自科库 42排3列2层/ [索取号:TS262.6/G444] | 在馆 | |
| 3 | 263963 | 202639635 | 自科库501/501自科库 42排3列2层/ [索取号:TS262.6/G444] | 在馆 |